Intervención socioeducativa

Saved in:
Bibliografiske detaljer
Hovedforfatter: Ventosa, Víctor J (Author)
Format: Bog
Sprog:spansk
Udgivet: Madrid CCS 1997
Serier:Colección Escuela de animación, 7
Fag:
Tags: Tilføj Tag
Ingen Tags, Vær først til at tagge denne postø!

MARC

LEADER 00000nam a2200000 a 4500
001 UCQ9817
003 CL-VaPUC
008 990121e19970000SP |||||||||||||||||spa|d
082 0 4 |a 370.19  |b VEN  |2 21 
100 0 |a Ventosa, Víctor J  |e author  |9 424477 
245 1 0 |a Intervención socioeducativa 
300 |a 164 p 
942 |c BK 
945 |d 19990121 00:00:00  |a aarredon 
260 |a Madrid  |b CCS  |c 1997 
650 0 |a Sociología de la educación   |9 260380 
650 7 |a EDUCACION SOCIAL  |2 CL-VaPUC  |9 330279 
650 0 |a Conflicto social  |9 255404 
650 7 |a EDUCACION COMUNITARIA  |2 CL-VaPUC  |9 310021 
650 0 |a Animación sociocultural   |9 388887 
650 0 |a Acción social  |9 307836 
650 0 |a Cultura  |9 269059 
650 0 |a Movimientos sociales  |9 315241 
583 |a last modification  |c 19990121 00:00:00  |k Rodrigo Vera 
490 0 |a Colección Escuela de animación, 7 
999 |c 278719  |d 278717 
952 |0 0  |1 0  |4 0  |6 370_190000000000000_VEN_1997  |7 0  |8 A  |9 317467  |a BIBEDU  |b BIBEDU  |d 2019-11-20  |i 3494438  |o 370.19 VEN 1997  |p 3494438  |r 2019-11-20  |w 2019-11-20  |y BK  |k BME 
952 |0 0  |1 0  |4 0  |6 370_190000000000000_VEN_1997  |7 0  |8 A  |9 317468  |a BIBGIM  |b BIBGIM  |d 2019-11-20  |i 3519457  |l 1  |o 370.19 VEN 1997  |p 3519457  |r 2025-03-24  |s 2025-03-24  |w 2019-11-20  |y BK  |k SSL